MARC

LEADER 00000nam0a2200000 4500
001 267975
005 20231101234127.0
035 |a (RuTPU)RU\TPU\book\291101 
090 |a 267975 
100 |a 20140825d1986 k y0rusy50 ca 
101 0 |a rus 
102 |a RU 
105 |a a z 001zy 
200 1 |a Управление гидродинамическими процессами при разведке и эксплуатации месторождений нефти  |e сборник научных трудов  |f Западно-Сибирский научно-исследовательский геологоразведочный нефтяной институт (ЗапСибНИГНИ) 
210 |a Тюмень  |c Изд-во ЗапСибНИГНИ  |d 1986 
215 |a 133 с.  |c ил. 
320 |a Библиография в конце статей 
606 1 |a Нефтяная гидродинамика  |2 stltpush  |3 (RuTPU)RU\TPU\subj\45908  |9 65097 
610 1 |a нефть 
610 1 |a нефтяные месторождения 
610 1 |a флюиды 
610 1 |a залежи 
610 1 |a освоение 
610 1 |a испытание 
610 1 |a разработка 
610 1 |a нефтяные пласты 
610 1 |a гидродинамические процессы 
610 1 |a управление 
610 1 |a баженовская свита 
610 1 |a нетрадиционные нефтяные коллекторы 
610 1 |a напряжения 
610 1 |a деформация 
675 |a 622.276:532  |v 3 
712 0 2 |a Западно-Сибирский научно-исследовательский геологоразведочный нефтяной институт (ЗапСибНИГНИ)  |c (Тюмень)  |2 stltpush  |3 (RuTPU)RU\TPU\col\2064 
801 1 |a RU  |b 63413507  |c 20140825 
801 2 |a RU  |b 63413507  |c 20151125  |g RCR 
942 |c BK